Zaszyfrowany tekst dwuliterowymi nazwami i skrótami - Statystyki

Ogólne statystyki
  • Ten quiz został rozwiązany 14 razy
  • Średni wynik to 5 z 10
Statystyki odpowiedzi
Podpowiedź Tekst % Poprawnych
Czarnoksiężnik z ...... Oz
92%
0,001 litra ml (mililitr)
69%
angielska nazwa państwa na wyspie, w Europie UK (United Kingdom)
62%
brytyjska linia lotnicza z siedzibą w Londynie BA (British Airways)
54%
brytyjska linia lotnicza z siedzibą w Londynie BA (British Airways)
54%
typ paliwa ON (Olej Napędowy)
54%
będę niedługo ZW (Zaraz Wracam)
38%
domena na której jest dużo gier np. Agar, Hole, Slither .io
31%
spójnik w języku polskim że
23%
hasło Baba z wozu, koniom lżej
8%
Nie znaleziono quizów pasujących do podanych kryteriów
Rozkład punktacji
Procent ludzi z każdym wynikiem
Percentyl według liczby udzielonych odpowiedzi
Twoja historia wyników
Nie rozwiązałeś tego quizu